LEADER 01010nam0 2200301 450 001 000002586 005 20050630115700.0 010 $a88-86175-61-2 100 $a--------d2000----km-y0itay50------ba 101 $aita 102 $aIT 200 1 $a<>sviluppo locale$eun'indagine della Banca d'Italia sui distretti industriali$f[di] Baffigi, Beretta, Bronzini... [et al.]$ga cura di L. Federico Signorini 210 $aCorigliano Calabro$cMeridiana libri$d2000c 215 $aXL, 383 p.$cill.$d2000c 225 2 $aSaggi$v30 410 0$12001$aSaggi 610 1 $aPiccole e medie imprese$aSviluppo 610 1 $aDistretti industriali 676 $a338.642 701 1$aBaffigi,$bAlberto$0123875 701 1$aBeretta,$bEnrico$0630110 701 1$aBronzini,$bRaffaello$0275697 702 1$aSignorini,$bFederico Luigi 801 0$aIT $bUNIPARTHENOPE $gRICA $2UNIMARC 912 $a000002586 951 $cNAVA1$a338-S/13$b34136$d20010223 996 $aSviluppo locale$91223753 997 $aUNIPARTHENOPE LEADER 01245nam0 22003011i 450 001 UON00390247 005 20231205104608.545 100 $a20110323f1998 |0itac50 ba 101 $afre 102 $aBE 105 $a|||| 1|||| 200 1 $a1953$aLes adieux ; Café des patriotes$fJean-Marie Piemme 210 $aBruxelles$cDidascalies$d[1998?] 215 $a215 p.$d20 cm. 316 $aDono degli Archives et Musée de la Littérature. Bruxelles$5IT-UONSI FranceseXI BPIE 464 1$1001UON00390251$12001 $aˆLes ‰adieux$v 464 1$1001UON00390252$12001 $aCafé des patriotes$v 620 $aBE$dBruxelles$3UONL000128 676 $aB843$cLetteratura belga. Narrativa$v21 700 1$aPIEMME$bJean-Marie$3UONV121219$0440134 712 $aDidascalies$3UONV277812$4650 801 $aIT$bSOL$c20240220$gRICA 899 $aSIBA - SISTEMA BIBLIOTECARIO DI ATENEO$2UONSI 912 $aUON00390247 950 $aSIBA - SISTEMA BIBLIOTECARIO DI ATENEO$dSI Francese XI B PIE $eSI LO 76177 5 Dono degli Archives et Musée de la Littérature. Bruxelles 996 $aLes adieux ; Café des patriotes$93900089 996 $a1953$91354853 997 $aUNIOR